| Поле | Название | Значение |
| |
Тип записи |
a |
| |
Библиографический уровень |
m |
| 001 |
Контрольный номер |
RU/URAIT/584847 |
| 005 |
Дата корректировки |
20260429163648.7 |
| 008 |
Кодируемые данные |
260429s2026 RU y f j 000 0 rus u |
| 020 |
Индекс ISBN |
__ |
| a |
ISBN |
978-5-534-16735-1 |
| c |
Цена, тираж |
2159.00 |
| 040 |
Источник каталогиз. |
__ |
| a |
Служба первич. каталог. |
ИКО Юрайт |
| c |
Служба, преобразующая запись |
ИКО Юрайт |
| e |
Правила каталог. |
RCR |
| 041 |
Код языка издания |
__ |
| a |
Код языка текста |
rus |
| 044 |
Код страны публикации |
__ |
| a |
Код страны публикации |
RU |
| 080 |
Индекс УДК |
__ |
| a |
Индекс УДК |
504(075.32) |
| 084 |
Индекс другой классификации/Индекс ББК |
__ |
| 2 |
Источник индекса |
rubbk |
| a |
Индекс другой классификации/Индекс ББК |
20.1я723 |
| 100 |
Автор |
__ |
| a |
Автор |
Павлова Е. И. |
| q |
Полное имя |
Павлова Елена Ивановна |
| 245 |
Заглавие |
__ |
| a |
Заглавие |
Общая экология и экология транспорта |
| b |
Продолж. заглавия |
учебник и практикум для спо |
| c |
Ответственность |
Е. И. Павлова, В. К. Новиков. |
| 250 |
Сведения об издании |
__ |
| g |
|
пер. и доп |
| a |
Основные сведения об издании |
7-е изд. |
| 256 |
Характеристики компьютерного файла |
__ |
| a |
Характеристики компьютерного файла |
Электрон. дан. |
| 260 |
Выходные данные |
__ |
| a |
Место издания |
Москва |
| b |
Издательство |
Юрайт |
| c |
Дата издания |
2026 |
| 300 |
Физическое описание |
__ |
| a |
Объем |
416 с |
| 440 |
Серия |
__ |
| a |
Серия |
Профессиональное образование |
| 500 |
Примечания |
__ |
| a |
Примечание |
URL: https://urait.ru/bcode/584847 (дата обращения: 29.04.2026). |
| 520 |
Аннотация |
__ |
| a |
Аннотация |
В учебнике излагаются общие вопросы экологии и специфические аспекты экологии транспорта. Представлен понятийный аппарат. Большое внимание уделено глобальным экологическим проблемам и усилиям государств мира по их решению. Показана связь экологии и здоровья человека. Основной акцент в книге сделан на влияние транспортно-дорожного комплекса на окружающую среду и управление экологической деятельностью. Подробно рассмотрены мероприятия по повышению экологичности транспортных средств и экозащитные технологии. Содержит практикум с практическими заданиями по каждой главе учебника. Соответствует актуальным требованиям Федерального государственного образовательного стандарта среднего профессионального образования и профессиональным требованиям. Для студентов образовательных учреждений среднего профессионального образования транспортного профиля. Может быть полезен магистрам и специалистам транспортной отрасли. Представляет интерес для научных и практических работников транспортных организаций. |
| 538 |
Прим. о системных особенностях |
__ |
| a |
Прим. о системных особенностях |
Режим доступа: Электронно-библиотечная система Юрайт, для авториз. пользователей |
| 653 |
Ключевые слова |
__ |
| a |
Ключевые слова |
Экология |
| 653 |
Ключевые слова |
__ |
| a |
Ключевые слова |
Естественные науки |
| 653 |
Ключевые слова |
__ |
| a |
Ключевые слова |
Экология |
| 653 |
Ключевые слова |
__ |
| a |
Ключевые слова |
Общая экология |
| 653 |
Ключевые слова |
__ |
| a |
Ключевые слова |
Основы экологии |
| 653 |
Ключевые слова |
__ |
| a |
Ключевые слова |
Транспортная система России |
| 653 |
Ключевые слова |
__ |
| a |
Ключевые слова |
Экологические основы природопользования |
| 653 |
Ключевые слова |
__ |
| a |
Ключевые слова |
Экология на железнодорожном транспорте |
| 653 |
Ключевые слова |
__ |
| a |
Ключевые слова |
Экология. Общие вопросы |
| 653 |
Ключевые слова |
__ |
| a |
Ключевые слова |
Введение в экологию |
| 653 |
Ключевые слова |
__ |
| a |
Ключевые слова |
Общая экология с основами частной экологии |
| 653 |
Ключевые слова |
__ |
| a |
Ключевые слова |
Экология (общая) |
| 653 |
Ключевые слова |
__ |
| a |
Ключевые слова |
Основы экологии: общая экология |
| 653 |
Ключевые слова |
__ |
| a |
Ключевые слова |
Основы общей экологии |
| 700 |
Другие авторы |
__ |
| a |
Другие авторы |
Новиков В. К. |
| q |
Полное имя |
Новиков Василий Константинович |
| 856 |
Электронный адрес документа |
40 |
| n |
Местонахождение сервера |
Юрайт |
| g |
|
Электронная книга |
| q |
Тип электронного формата |
html |
| h |
Имя пользователя |
ЮРАЙТ |
| v |
Часы доступа к ресурсу |
20271231 |
| 2 |
Способ доступа |
Показать документ |
| x |
Служебное примечание |
https://urait.ru/book/cover/9CF05F04-8988-47AD-BA64-DEE1FF4BC22F |
| u |
URL |
https://urait.ru/bcode/584847 |
| 856 |
Электронный адрес документа |
48 |
| q |
Тип электронного формата |
cover |
| u |
URL |
https://urait.ru/book/cover/9CF05F04-8988-47AD-BA64-DEE1FF4BC22F |
| 911 |
|
__ |
| u |
|
0030=https://urait.ru/bcode/584847 |
| 911 |
|
__ |
| u |
|
073a=9785534167351 |
| u |
|
073d=2159.00 |
| 911 |
|
__ |
| u |
|
106a=s |
| 911 |
|
__ |
| u |
|
900l= |
| 952 |
Тип литературы |
__ |
| i |
Дисциплина |
Экология |
| 952 |
Тип литературы |
__ |
| i |
Дисциплина |
Общая экология |
| 952 |
Тип литературы |
__ |
| i |
Дисциплина |
Основы экологии |
| 952 |
Тип литературы |
__ |
| i |
Дисциплина |
Транспортная система России |
| 952 |
Тип литературы |
__ |
| i |
Дисциплина |
Экологические основы природопользования |
| 952 |
Тип литературы |
__ |
| i |
Дисциплина |
Экология на железнодорожном транспорте |
| 952 |
Тип литературы |
__ |
| i |
Дисциплина |
Экология. Общие вопросы |
| 952 |
Тип литературы |
__ |
| i |
Дисциплина |
Введение в экологию |
| 952 |
Тип литературы |
__ |
| i |
Дисциплина |
Общая экология с основами частной экологии |
| 952 |
Тип литературы |
__ |
| i |
Дисциплина |
Экология (общая) |
| 952 |
Тип литературы |
__ |
| i |
Дисциплина |
Основы экологии: общая экология |
| 952 |
Тип литературы |
__ |
| i |
Дисциплина |
Основы общей экологии |